| 000 | 00437nab a2200145Ia 4500 | ||
|---|---|---|---|
| 003 | ES-SlBCS | ||
| 005 | 20210601131724.0 | ||
| 008 | 140529s1954 xxu||||| |||| 00| 0 fre d | ||
| 041 | _afre | ||
| 100 | 1 |
_aLe Guillou, Marie-Joseph _d1920-1990 _9109895 |
|
| 245 | 0 | 0 |
_aSituation de l'oecuménisme _c Marie-Joseph Le Guillou |
| 650 | 0 | 4 |
_aEcumenismo _913364 |
| 773 | 0 |
_tVie Intelectuelle (La) _gnº. 1, 1954, págs. 6-24 _wRev907 |
|
| 942 | _cAR | ||
| 999 |
_c567638 _d567638 |
||